| 000 | 00388nam a22001337a 4500 | ||
|---|---|---|---|
| 008 | 131202b xxu||||| |||| 00| 0 eng d | ||
| 050 | _aBX1758.2 .H371 | ||
| 100 |
_aHaughton, Rosemary _94523 |
||
| 245 | _aChristian Responsibility | ||
| 260 |
_aLondon _bSheed and Ward _c1964 |
||
| 300 |
_a148p.; _c18cm. |
||
| 650 |
_aChristian Ethics _x Catholic authors _94524 |
||
| 942 |
_2lcc _cMONOGRAPH |
||
| 999 |
_c118880 _d118880 |
||